The encyclopedia of antiques

Bibliographic Details
Format: Book
Published: Leicestershire : Acropolis Books , 1991
Subjects:

MARC

LEADER 00000cam a2200000 7i4500
001 0000004021
002 000004330
005 20090608.0
020 |a 1873762011 
090 0 0 |a 745.106   |b ENC 
245 0 4 |a The encyclopedia of antiques   |c David Battie 
260 |a Leicestershire :   |b Acropolis Books ,   |c 1991 
300 |a 254p. ;   |c 30cm. 
650 0 0 |a Antiques 
650 0 0 |a Antiques   |x Encyclopedias 
650 0 0 |a Collectibles 
999 |a 037252   |b BUKU   |c PINJAMAN   |e PERPUSTAKAAN KOMUNITI PETALING JAYA 
999 |a 067886   |b BUKU   |c PINJAMAN   |e PERPUSTAKAAN KOMUNITI PETALING JAYA